000 00355nam a2200145Ia 4500
005 20251222141914.0
008 251222s9999||||xx |||||||||||||| ||spa||
020 _a958-600-186-5
082 _a657/G86C
100 _aGudiño Dávila, Emma Lucía
245 0 _aContabilidad 2000
250 _a2a.ed.
264 _bMcGRAW-HILL INTERAMERICANA
942 _cLIB
999 _c8484
_d8484